Technická príloha Východoslovenského stavbára

Bibliographic Details
New Title:Technicko-ekonomická príloha Východoslovenského stavbára
Format: Journal
Language:Slovak
PhysicalDescription:1 zv. 23 cm
Published: Košice ZO KSS, ZV ROH, ZO ČSM a ved. Združených podnikov stavebníctva 1959-1959
Subjects:

MARC

LEADER 00000cas a2200000 a 4500
001 vtls010302374
003 SK-MaSNL
005 20260228161824.0
008 110810d19591959xo mr|p 0 b0slo
040 |a SNK  |b slo  |c SNK  |e AACR2 
041 0 |a slo 
044 |a xo  |c SK 
072 7 |a 69  |x Stavebníctvo  |2 konspekt 
072 7 |a 62  |x Technika všeobecne  |2 konspekt 
080 |a 62  |2 2001 
080 |a 69  |2 2001 
080 |a 050  |2 2001 
245 0 0 |a Technická príloha Východoslovenského stavbára 
260 |a Košice  |b ZO KSS, ZV ROH, ZO ČSM a ved. Združených podnikov stavebníctva  |c 1959-1959 
300 |a 1 zv.  |c 23 cm 
310 |a 1x mesačne 
362 0 |a Č. 1 (1959)-č. 12 (1959) 
500 |a Redaktori sa menia 
500 |a Vyd. ZO KSS, ZV ROH, ZO ČSM a ved. Združených podnikov stavebníctva 
500 |a Tlač. Pravda, vyd. ÚV KSS, záv. v Košiciach 
580 |a Vydávanie prílohy pokračovalo aj v roku 1960 pod novým názvom Technicko-ekonomická príloha Východoslovenského stavbára 
650 0 7 |a technika  |2 SNKPH  |9 671 
650 0 7 |a stavebníctvo  |2 SNKPH  |9 726 
655 7 |a podnikové časopisy  |2 SNKPH  |9 265225 
772 0 |t Východoslovenský stavbár  |w vtls010264431 
785 0 0 |t Technicko-ekonomická príloha Východoslovenského stavbára  |w vtls010299919 
910 |a snk 
916 |a 1959 
999 |c 6090  |d 8020